|
|
|
|
| LEADER |
00000nam a22000007a 4500 |
| 003 |
011735 |
| 005 |
20230622153237.0 |
| 008 |
151001b2012 cr a|||| |||| 00| 0 spa d |
| 040 |
|
|
|c cru CEDI
|
| 100 |
|
|
|9 735
|a Cortes Herrera, José Arturo, 1989-
|
| 245 |
|
|
|a Tratamiento del neutro en sistemas de potencia
|
| 260 |
|
|
|c [San José, Costa Rica]
|b 2012
|
| 500 |
|
|
|a Proyecto de graduación (bachillerato en ingeniería eléctrica)--Universidad de Costa Rica. Facultad de Ingeniería. Escuela de Ingeniería Eléctrica
|
| 501 |
|
|
|a Profesor Guía de IE-0502 Proyecto Eléctrico: Dr. Jorge Blanco Roldán
|
| 650 |
|
|
|x SUBESTACIONES ELECTRICAS
|x LINEAS ELECTRICAS
|x ENERGIA ELECTRICA
|x LINEAS ELECTRICAS
|x SUBESTACIONES ELECTRICAS
|9 1244
|
| 700 |
|
|
|9 736
|a Blanco Roldán, Jorge, 1950-
|d Director de Proyecto Eléctrico
|
| 942 |
|
|
|c CEDI
|h TFG 6905
|6 TFG_6905_000000000000000
|
| 999 |
|
|
|c 14040
|d 14040
|